000 00312nam a2200145Ia 4500
100 _aDeitel/ H.M.
250 _a3
942 _cBK
654 _aC++
245 _aC How to program :Introducting C++ and Java
260 _bPearson Education
_c2001
082 _a5.1
_bDEI
300 _a1253
546 _aENGLISH
999 _c31141
_d31141